000 00741nam a22002293a 4500
005 20230524064134.0
008 011003s1999 mx r 000 0 spa d
020 _a9701815575 (CNCA tapa dura)
020 _a9706511741 (Océano tapa dura)
035 _aUPN01000112487
049 _aCG
050 4 _aPA25 B5.2
_bP5.2
100 0 _aPlatón,
_d428?-347 a.C.
245 1 0 _aDiálogos socráticos /
_bPlatón ; estudio prel. de Angel Vassallo.
260 _aMéxico :
_bCNCA :
_bOcéano,
_cc1999.
300 _axxxv, 365 p.
440 0 _aBiblioteca universal
500 _a"Apología de Socrátes, Critón, Eutifrón, Fedón, Fedro, Banquete, Menón"
650 2 _aDiálogos
_99720
650 4 _aFilosofía antigua
_96916
905 _aLibro
999 _c86395
_d86395